[Event "Bristol Fide 2019 Open"]
[Site "Bristol Grammar School"]
[Date "2019.02.15"]
[Round "1.1"]
[White "Arkell, Keith"]
[Black "Stannard, Anthony"]
[Result "1-0"]
[WhiteElo "2460"]
[BlackElo "1955"]
[PlyCount "155"]
[EventDate "2019.02.15"]
[SourceTitle "Bristol Fide Open 2019"]
[Source "Dave Tipper"]
[SourceDate "2019.03.04"]
[SourceVersion "1"]
[SourceVersionDate "2019.03.04"]
[SourceQuality "2"]

{[%evp 0,155,18,22,26,-28,40,43,40,40,65,57,40,23,24,31,36,45,45,34,34,24,30,
38,48,54,52,46,128,120,119,126,142,127,152,135,177,145,172,130,146,162,180,178,
204,185,192,160,194,166,224,202,202,90,97,78,79,36,101,86,102,101,101,101,112,
99,117,85,88,68,79,71,81,72,63,72,72,48,71,18,0,0,0,0,0,0,0,0,0,0,0,0,0,0,0,0,
0,0,0,0,0,0,0,0,79,66,91,91,74,90,147,136,149,135,142,119,152,119,195,187,217,
181,197,147,179,178,178,126,174,174,178,175,193,193,225,246,286,210,259,269,
271,262,291,291,291,277,325,291,344,271,340,270,275,277,1032,1032,1022,1032]} 
1. d4 e6 2. c4 f5 3. g3 Nf6 4. Bg2 Be7 5. Nf3 O-O 6. b3 Ne4 7. O-O d6 8. Bb2
Nd7 9. Nc3 Ndf6 10. e3 Nxc3 11. Bxc3 Ne4 12. Bb2 b6 13. Nd2 Bb7 14. Nxe4 Bxe4
15. Bxe4 fxe4 16. Qg4 Rf6 17. Qxe4 a5 18. d5 exd5 19. cxd5 Rg6 20. Rac1 Qd7 21.
Rc4 Rf8 22. Rfc1 Bd8 23. Qg2 Rf5 24. e4 Rh5 25. f4 Rgh6 26. f5 Rxh2 27. Qxh2
Rxh2 28. Kxh2 Qe8 29. Re1 Qf7 30. Rc2 Kf8 31. Kg2 Ke8 32. Rh1 h6 33. Rf2 Bf6
34. Rc1 Bxb2 35. Rxb2 g6 36. Rf2 gxf5 37. Rxf5 Qe7 38. Kf3 Kd8 39. Rc6 Qg7 40.
Kg2 Qg4 41. Rf8+ Ke7 42. Rf3 Qxe4 43. Rxc7+ Kd8 44. Rcf7 Qxd5 45. R7f5 Qd4 46.
R3f4 Qg7 47. Rf7 Qe5 48. R7f6 h5 49. Kh3 Qe1 50. Kh4 Qh1+ 51. Kg5 Qh3 52. Rxd6+
Kc7 53. Rd3 Qe6 54. Rdf3 Qe8 55. Rf7+ Kc6 56. Kxh5 Qg8 57. a4 Kd5 58. Kh4 Ke4
59. R7f4+ Ke5 60. Re3+ Kd5 61. Rd3+ Ke5 62. Re3+ Kd5 63. Kh3 Qg5 64. Rfe4 Kd6
65. g4 Kd7 66. Re7+ Kc8 67. Kg3 Kb8 68. R3e6 Qc1 69. Rxb6+ Kc8 70. Ree6 Qg1+
71. Kh4 Qh1+ 72. Kg5 Qc1+ 73. Kg6 Qb1+ 74. Kg7 Qb2+ 75. Kg8 Qg2 76. Rbc6+ Kd7
77. Kf8 Qf3+ 78. Rf6 1-0

[Event "Bristol Fide 2019 Open"]
[Site "Bristol Grammar School"]
[Date "2019.02.15"]
[Round "1.2"]
[White "Hurst, Eddie"]
[Black "McPhillips, Joseph"]
[Result "0-1"]
[WhiteElo "1917"]
[BlackElo "2411"]
[PlyCount "60"]
[EventDate "2019.02.15"]
[SourceTitle "Bristol Fide Open 2019"]
[Source "Dave Tipper"]
[SourceDate "2019.03.04"]
[SourceVersion "1"]
[SourceVersionDate "2019.03.04"]
[SourceQuality "2"]

1. d4 Nf6 2. Bf4 b6 3. Nf3 Bb7 4. e3 Nh5 5. Bg3 Nxg3 6. hxg3 g6 7. Be2 Bg7 8.
c3 d5 9. a4 O-O 10. Nbd2 c5 11. Qb3 Qc7 12. O-O Nc6 13. dxc5 Na5 14. Qa3 bxc5
15. Rac1 c4 16. b4 cxb3 17. Nxb3 Nc4 18. Bxc4 dxc4 19. Nbd4 Be4 20. Rfd1 a6 21.
Ne1 Rab8 22. f3 Ba8 23. Kf2 Be5 24. Ne2 Rb3 25. Qa1 Rfb8 26. Nc2 Rb2 27. f4 Qb7
28. fxe5 Qxg2+ 29. Ke1 Bf3 30. Rd2 Bxe2 0-1

[Event "Bristol Fide 2019 Open"]
[Site "Bristol Grammar School"]
[Date "2019.02.15"]
[Round "1.3"]
[White "Beaumont, Chris"]
[Black "Jukes, Sam"]
[Result "1/2-1/2"]
[WhiteElo "2254"]
[BlackElo "1914"]
[PlyCount "97"]
[EventDate "2019.02.15"]
[SourceTitle "Bristol Fide Open 2019"]
[Source "Dave Tipper"]
[SourceDate "2019.03.04"]
[SourceVersion "1"]
[SourceVersionDate "2019.03.04"]
[SourceQuality "2"]

1. Nf3 Nf6 2. c4 e6 3. g3 b6 4. Bg2 Bb7 5. O-O Be7 6. Nc3 O-O 7. Re1 d5 8. cxd5
exd5 9. d4 Nbd7 10. Bf4 Ne4 11. Qa4 Bd6 12. Ne5 Bxe5 13. dxe5 Nxc3 14. bxc3 Nc5
15. Qc2 Qe7 16. c4 dxc4 17. Bxb7 Nxb7 18. Qxc4 Na5 19. Qe4 Qe6 20. Red1 Rfd8
21. Bd2 Nc4 22. Bc3 c6 23. Qh4 Rd5 24. e4 Rd7 25. f4 Qe7 26. Qxe7 Rxe7 27. Rd4
Na3 28. Rad1 Nb5 29. Rd8+ Re8 30. Rxe8+ Rxe8 31. Bb2 Kf8 32. a4 Nc7 33. f5 Ke7
34. e6 fxe6 35. Bxg7 exf5 36. exf5 Nd5 37. Re1+ Kf7 38. Rxe8 Kxe8 39. Kf2 Kf7
40. Be5 Nf6 41. Kf3 Nd7 42. Bd4 a6 43. g4 c5 44. Ba1 c4 45. Bd4 b5 46. axb5
axb5 47. g5 b4 48. Ke4 b3 49. Kd5 1/2-1/2

[Event "Bristol Fide 2019 Open"]
[Site "Bristol Grammar School"]
[Date "2019.02.15"]
[Round "1.4"]
[White "Bogdan, Horia"]
[Black "Krzyzanowski, Patryk"]
[Result "0-1"]
[WhiteElo "1913"]
[BlackElo "2092"]
[PlyCount "48"]
[EventDate "2019.02.15"]
[SourceTitle "Bristol Fide Open 2019"]
[Source "Dave Tipper"]
[SourceDate "2019.03.04"]
[SourceVersion "1"]
[SourceVersionDate "2019.03.04"]
[SourceQuality "2"]

1. d4 Nf6 2. c4 e6 3. Nf3 Bb4+ 4. Bd2 Qe7 5. a3 Bxd2+ 6. Nbxd2 d6 7. g3 e5 8.
dxe5 dxe5 9. Bg2 e4 10. Ng5 e3 11. fxe3 Ng4 12. Qb3 Nxe3 13. Bxb7 Bxb7 14. Qxb7
O-O 15. Rc1 Nd7 16. Qxc7 Qxg5 17. Qxd7 Rad8 18. Qb5 Ng2+ 19. Kf2 Qxd2 20. Kxg2
Qxe2+ 21. Kh3 Qe6+ 22. g4 Rd3+ 23. Kh4 Qh6+ 24. Qh5 g5# 0-1

[Event "Bristol Fide 2019 Open"]
[Site "Bristol Grammar School"]
[Date "2019.02.15"]
[Round "1.5"]
[White "Gallagher, Ian"]
[Black "Iwi, Graham"]
[Result "1-0"]
[WhiteElo "2089"]
[BlackElo "1912"]
[PlyCount "43"]
[EventDate "2019.02.15"]
[SourceTitle "Bristol Fide Open 2019"]
[Source "Dave Tipper"]
[SourceDate "2019.03.04"]
[SourceVersion "1"]
[SourceVersionDate "2019.03.04"]
[SourceQuality "2"]

1. d4 e6 2. e4 d5 3. Nc3 Nf6 4. Bg5 dxe4 5. Nxe4 Be7 6. Bxf6 Bxf6 7. Nf3 Nd7 8.
Qd2 O-O 9. Bd3 e5 10. d5 Be7 11. O-O-O Nf6 12. Nxe5 Nxd5 13. Bc4 c6 14. h4 Bf5
15. Qe2 Bxh4 16. Qh5 g5 17. Rxh4 gxh4 18. Qxf5 f6 19. Ng4 Kg7 20. Bxd5 cxd5 21.
Rxd5 Rc8 22. Rd7+ 1-0

[Event "Bristol Fide 2019 Open"]
[Site "Bristol Grammar School"]
[Date "2019.02.15"]
[Round "1.6"]
[White "Stubbs, Oliver"]
[Black "Pleasants, Allan"]
[Result "1/2-1/2"]
[WhiteElo "1833"]
[BlackElo "2080"]
[PlyCount "84"]
[EventDate "2019.02.15"]
[SourceTitle "Bristol Fide Open 2019"]
[Source "Dave Tipper"]
[SourceDate "2019.03.04"]
[SourceVersion "1"]
[SourceVersionDate "2019.03.04"]
[SourceQuality "2"]

1. d4 g6 2. e4 Bg7 3. Nc3 d6 4. Be3 Nc6 5. Qd2 Nf6 6. f3 O-O 7. O-O-O a6 8. Bh6
e5 9. dxe5 Nxe5 10. h4 Re8 11. h5 Be6 12. hxg6 fxg6 13. Bxg7 Kxg7 14. Qh6+ Kg8
15. Nh3 Nf7 16. Qd2 Bxh3 17. Rxh3 b5 18. Be2 Qe7 19. Rdh1 c6 20. g4 g5 21. Bd3
Qe5 22. Ne2 c5 23. Ng3 c4 24. Bf1 Rac8 25. c3 Qf4 26. Qxf4 gxf4 27. Nh5 Nxh5
28. Rxh5 Rc5 29. Rxh7 Ree5 30. R7h5 Rxh5 31. Rxh5 Rxh5 32. gxh5 Ne5 33. Be2 Kg7
34. b3 Kh6 35. bxc4 bxc4 36. Kd2 Kxh5 37. Ke1 Kh4 38. Kf2 Kh3 39. Bf1+ Kh2 40.
Be2 Kh3 41. Bf1+ Kh4 42. Kg2 Kg5 1/2-1/2

[Event "Bristol Fide 2019 Open"]
[Site "Bristol Grammar School"]
[Date "2019.02.15"]
[Round "1.7"]
[White "Garcia, Oscar"]
[Black "Vaughan, Alex"]
[Result "1-0"]
[WhiteElo "2075"]
[BlackElo "1832"]
[PlyCount "103"]
[EventDate "2019.02.15"]
[SourceTitle "Bristol Fide Open 2019"]
[Source "Dave Tipper"]
[SourceDate "2019.03.04"]
[SourceVersion "1"]
[SourceVersionDate "2019.03.04"]
[SourceQuality "2"]

1. e4 e6 2. d4 d5 3. Bd3 Nf6 4. e5 Nfd7 5. Ne2 c5 6. c3 Nc6 7. O-O Qb6 8. Bc2
Be7 9. Kh1 a5 10. a4 Nf8 11. Na3 cxd4 12. cxd4 Nb4 13. Nb5 Bd7 14. Nec3 Nxc2
15. Qxc2 Rc8 16. Qb3 Bxb5 17. Nxb5 Nd7 18. Qg3 Rg8 19. Bd2 Nb8 20. Rac1 Rxc1
21. Rxc1 Nc6 22. Qh3 h6 23. Qg4 Kf8 24. h4 g5 25. g3 Rg6 26. hxg5 Bxg5 27. Bxg5
Rxg5 28. Qf4 Qd8 29. Kg2 Rh5 30. Nd6 Qe7 31. Rc3 Rg5 32. Rf3 Nd8 33. Qh4 Rg6
34. Qh5 Qg5 35. Qxg5 hxg5 36. Rc3 Nc6 37. Nxb7 Nxd4 38. Nxa5 f6 39. Nb3 fxe5
40. a5 Nb5 41. Rc5 Na7 42. a6 Rg7 43. Na5 Rd7 44. b4 Ke7 45. b5 Kd6 46. Nb7+
Ke7 47. b6 d4 48. bxa7 d3 49. a8=Q d2 50. Qg8 d1=Q 51. Qg7+ Ke8 52. Rc8+ 1-0

[Event "Bristol Fide 2019 Open"]
[Site "Bristol Grammar School"]
[Date "2019.02.15"]
[Round "1.8"]
[White "Weatherlake, John"]
[Black "Duggan, Michael"]
[Result "1/2-1/2"]
[WhiteElo "1801"]
[BlackElo "2050"]
[PlyCount "35"]
[EventDate "2019.02.15"]
[SourceTitle "Bristol Fide Open 2019"]
[Source "Dave Tipper"]
[SourceDate "2019.03.04"]
[SourceVersion "1"]
[SourceVersionDate "2019.03.04"]
[SourceQuality "2"]

1. g3 d5 2. Bg2 Nf6 3. d3 e5 4. Nd2 Bc5 5. e3 O-O 6. a3 a5 7. b3 Re8 8. Bb2 c6
9. Ne2 Bf5 10. h3 Bg6 11. Nf3 Nbd7 12. Nh4 Qe7 13. Nxg6 hxg6 14. g4 e4 15. d4
Bd6 16. c4 b5 17. Nc3 b4 18. axb4 1/2-1/2

[Event "Bristol Fide 2019 Open"]
[Site "Bristol Grammar School"]
[Date "2019.02.15"]
[Round "1.9"]
[White "Cordner, David"]
[Black "Miller, George"]
[Result "1/2-1/2"]
[WhiteElo "1991"]
[BlackElo "1793"]
[PlyCount "86"]
[EventDate "2019.02.15"]
[SourceTitle "Bristol Fide Open 2019"]
[Source "Dave Tipper"]
[SourceDate "2019.03.04"]
[SourceVersion "1"]
[SourceVersionDate "2019.03.04"]
[SourceQuality "2"]

{[%evp 0,86,26,18,87,56,83,73,63,49,60,11,33,36,33,43,48,31,89,100,124,87,75,
57,105,115,112,59,65,84,68,68,94,100,98,77,104,100,107,91,100,67,65,67,69,37,
56,56,24,36,20,-6,-14,-24,-22,-23,-8,-44,-8,-104,-152,-209,-87,-102,-102,-207,
-173,-240,-270,-270,-266,-266,-269,-269,-173,-249,0,0,0,0,0,0,0,0,0,0,0,0,0]} 
1. e4 d6 2. d4 Nf6 3. Nc3 Nbd7 4. f4 e5 5. dxe5 dxe5 6. fxe5 Nxe5 7. Qxd8+ Kxd8
8. Nf3 Nxf3+ 9. gxf3 Bb4 10. Bd2 Be6 11. O-O-O c6 12. a3 Ba5 13. Bh6+ Ke7 14.
Bxg7 Rhg8 15. Bh6 Bxc3 16. bxc3 Rad8 17. Be3 b6 18. Rxd8 Kxd8 19. Bd3 Nd7 20.
Rg1 Rxg1+ 21. Bxg1 Ne5 22. Be2 Bc4 23. Kd2 Bxe2 24. Kxe2 Nc4 25. a4 a5 26. f4
Kc7 27. e5 Nb2 28. f5 Nxa4 29. Kd3 Nb2+ 30. Kd4 c5+ 31. Kd5 a4 32. e6 fxe6+ 33.
Kxe6 a3 34. f6 a2 35. f7 a1=Q 36. f8=Q Qe1+ 37. Kd5 Qxg1 38. Qe7+ Kb8 39. Qd8+
Kb7 40. Qd7+ Ka6 41. Qc8+ Kb5 42. Qc6+ Ka5 43. Qa8+ Kb5 1/2-1/2

[Event "Bristol Fide 2019 Open"]
[Site "Bristol Grammar School"]
[Date "2019.02.15"]
[Round "1.10"]
[White "Fielding, Michael"]
[Black "Smith, Chris"]
[Result "0-1"]
[WhiteElo "1791"]
[BlackElo "1957"]
[PlyCount "52"]
[EventDate "2019.02.15"]
[SourceTitle "Bristol Fide Open 2019"]
[Source "Dave Tipper"]
[SourceDate "2019.03.04"]
[SourceVersion "1"]
[SourceVersionDate "2019.03.04"]
[SourceQuality "2"]

1. d4 d5 2. c4 e6 3. Nc3 Be7 4. Nf3 Nf6 5. Bg5 O-O 6. e3 b6 7. Bd3 Nbd7 8. O-O
h6 9. Bh4 Bb7 10. cxd5 Nxd5 11. Bxe7 Qxe7 12. Rc1 N7f6 13. Qe2 Nb4 14. Bb1 Ba6
15. Qd2 Bxf1 16. Kxf1 c5 17. a3 cxd4 18. Nxd4 Nbd5 19. Qd3 Nxc3 20. Rxc3 g6 21.
Qb5 Nd5 22. Rc6 Qg5 23. Qc4 Rad8 24. Be4 Nxe3+ 25. fxe3 Qxe3 26. Rxe6 fxe6+ 0-1

[Event "Bristol Fide 2019 Open"]
[Site "Bristol Grammar School"]
[Date "2019.02.15"]
[Round "1.11"]
[White "Meek, Stephen"]
[Black "Walker, Max"]
[Result "1/2-1/2"]
[WhiteElo "1985"]
[BlackElo "1790"]
[PlyCount "77"]
[EventDate "2019.02.15"]
[SourceTitle "Bristol Fide Open 2019"]
[Source "Dave Tipper"]
[SourceDate "2019.03.04"]
[SourceVersion "1"]
[SourceVersionDate "2019.03.04"]
[SourceQuality "2"]

1. e4 e5 2. Bc4 Nf6 3. d3 Nc6 4. Nc3 h6 5. f4 Bc5 6. Nf3 d6 7. Na4 Bb6 8. Nxb6
axb6 9. a3 O-O 10. O-O Bg4 11. h3 Bxf3 12. Qxf3 exf4 13. Qxf4 Ne5 14. Bb3 Qe7
15. Qh4 Ng6 16. Qg3 Kh8 17. Bd2 Qe5 18. Qe1 Qc5+ 19. Kh1 Qh5 20. Rf5 Qh4 21.
Qf1 Nh5 22. Be1 Ng3+ 23. Bxg3 Qxg3 24. Bxf7 Nh4 25. Rf4 g5 26. Rf2 Kg7 27. Kg1
Nxg2 28. Rf3 Ne3+ 29. Rxg3 Nxf1 30. Rxf1 Rxf7 31. Re1 Raf8 32. Rge3 Rf2 33.
R3e2 Rxe2 34. Rxe2 Rf4 35. Kg2 Kf6 36. d4 Ke6 37. c3 h5 38. e5 d5 39. Rf2
1/2-1/2

[Event "Bristol Fide 2019 Open"]
[Site "Bristol Grammar School"]
[Date "2019.02.15"]
[Round "1.12"]
[White "Van Der Velde, Geert"]
[Black "Fathallah, Joe"]
[Result "0-1"]
[WhiteElo "1651"]
[BlackElo "1962"]
[PlyCount "94"]
[EventDate "2019.02.15"]
[SourceTitle "Bristol Fide Open 2019"]
[Source "Dave Tipper"]
[SourceDate "2019.03.04"]
[SourceVersion "1"]
[SourceVersionDate "2019.03.04"]
[SourceQuality "2"]

1. e4 e6 2. d4 d5 3. exd5 exd5 4. Nf3 Nf6 5. Bd3 Bd6 6. O-O O-O 7. h3 Ne4 8. c4
c6 9. Nc3 Nxc3 10. bxc3 dxc4 11. Bxc4 Bf5 12. Re1 Nd7 13. a4 Nb6 14. Bb3 Nd5
15. Bxd5 cxd5 16. Qb3 Rb8 17. Ba3 Bxa3 18. Qxa3 Be4 19. Nd2 Bxg2 20. Re3 Bxh3
21. Kh2 Qh4 22. Rg3 Bf5+ 23. Kg2 Be4+ 24. f3 Bg6 25. Qc5 Rbe8 26. Rf1 Re2+ 27.
Rf2 Rxf2+ 28. Kxf2 Qf4 29. Nf1 Bd3 30. Rg4 Qc1 31. Nh2 Re8 32. Kg3 Qg1+ 33. Kh3
Bf5 34. Qxd5 Bxg4+ 35. Nxg4 h5 36. Ne5 Qh1+ 37. Kg3 Re6 38. Qxb7 h4+ 39. Kf2
Rf6 40. Qa8+ Kh7 41. Qe4+ g6 42. Nd7 Qh2+ 43. Ke1 Qg3+ 44. Ke2 Rf5 45. Ne5 h3
46. Qg4 Rxe5+ 47. dxe5 Qxg4 0-1

[Event "Bristol Fide 2019 Open"]
[Site "Bristol Grammar School"]
[Date "2019.02.15"]
[Round "1.13"]
[White "Perrin, Brent"]
[Black "Strong, Chris"]
[Result "1-0"]
[WhiteElo "1960"]
[BlackElo "1541"]
[PlyCount "27"]
[EventDate "2019.02.15"]
[SourceTitle "Bristol Fide Open 2019"]
[Source "Dave Tipper"]
[SourceDate "2019.03.04"]
[SourceVersion "1"]
[SourceVersionDate "2019.03.04"]
[SourceQuality "2"]

1. e4 c5 2. Nc3 Nc6 3. f4 g6 4. Nf3 Bg7 5. d3 Nf6 6. Be2 O-O 7. O-O d5 8. Qe1
Nd4 9. Bd1 b5 10. e5 Ng4 11. Nxd4 cxd4 12. Nxd5 Be6 13. Nb4 a5 14. Nc6 1-0

[Event "Bristol Fide 2019 Open"]
[Site "Bristol Grammar School"]
[Date "2019.02.16"]
[Round "2.1"]
[White "Fathallah, Joe"]
[Black "Arkell, Keith"]
[Result "0-1"]
[WhiteElo "1962"]
[BlackElo "2460"]
[PlyCount "120"]
[EventDate "2019.02.15"]
[SourceTitle "Bristol Fide Open 2019"]
[Source "Dave Tipper"]
[SourceDate "2019.03.04"]
[SourceVersion "1"]
[SourceVersionDate "2019.03.04"]
[SourceQuality "2"]

1. d4 Nf6 2. c4 e6 3. Nc3 Bb4 4. Qc2 c5 5. dxc5 Na6 6. a3 Qa5 7. Bd2 Nxc5 8.
Rc1 Bxc3 9. Bxc3 Qa4 10. Qxa4 Nxa4 11. Bd4 d6 12. b3 Nc5 13. b4 Nb3 14. Rd1
Nxd4 15. Rxd4 Ke7 16. e3 e5 17. Rd1 Be6 18. Nf3 a5 19. Be2 axb4 20. axb4 Ne4
21. c5 dxc5 22. Nxe5 Nc3 23. Rc1 cxb4 24. Nd3 Bc4 25. Nxb4 Nxe2 26. Rxc4 Ra1+
27. Kxe2 Rxh1 28. Rc7+ Ke6 29. Rxb7 Rxh2 30. Kf3 Rd8 31. Nc6 Rd6 32. Nd4+ Kf6
33. Ne2 Rh4 34. Rb5 g6 35. Nf4 Kg7 36. Rb7 Rh1 37. Rb2 Ra1 38. Kg3 Rda6 39. Rb5
R1a5 40. Rb1 h5 41. Nh3 Ra4 42. Rb5 h4+ 43. Kh2 R6a5 44. Rb2 g5 45. f3 f6 46.
e4 Ra2 47. Rb7+ Kh6 48. Rb6 Kg7 49. Rb7+ Kf8 50. Rb6 Ke7 51. Rb7+ Kd8 52. Rb8+
Kc7 53. Rf8 Rb5 54. Rf7+ Kd8 55. Rxf6 Rbb2 56. Nxg5 Rxg2+ 57. Kh3 Rxg5 58. Kxh4
Rg8 59. Kh3 Ra7 60. Rh6 Rf7 0-1

[Event "Bristol Fide 2019 Open"]
[Site "Bristol Grammar School"]
[Date "2019.02.16"]
[Round "2.2"]
[White "McPhillips, Joseph"]
[Black "Garcia, Oscar"]
[Result "1-0"]
[WhiteElo "2411"]
[BlackElo "2075"]
[PlyCount "69"]
[EventDate "2019.02.15"]
[SourceTitle "Bristol Fide Open 2019"]
[Source "Dave Tipper"]
[SourceDate "2019.03.04"]
[SourceVersion "1"]
[SourceVersionDate "2019.03.04"]
[SourceQuality "2"]

1. e4 e5 2. Nf3 Nc6 3. d4 exd4 4. Nxd4 Bb4+ 5. c3 Bc5 6. Nf5 g6 7. Be3 Bxe3 8.
Nxe3 Nf6 9. f3 O-O 10. c4 d5 11. cxd5 Ne5 12. Nc3 Nh5 13. Qd2 Qh4+ 14. Qf2 Qg5
15. Nc4 c6 16. Nxe5 Qxe5 17. O-O-O cxd5 18. Rxd5 Qc7 19. Rc5 Qf4+ 20. Qd2 b6
21. Rd5 Qc7 22. Kb1 Be6 23. Rd4 Rad8 24. Nd5 Bxd5 25. exd5 Qe5 26. Bc4 Ng7 27.
g4 Ne6 28. Re4 Qf6 29. Qe3 Ng5 30. Rf4 Qd6 31. h4 Rfe8 32. Qd4 Qb4 33. a3 Re1+
34. Ka2 Qa5 35. Rxe1 1-0

[Event "Bristol Fide 2019 Open"]
[Site "Bristol Grammar School"]
[Date "2019.02.16"]
[Round "2.3"]
[White "Krzyzanowski, Patryk"]
[Black "Perrin, Brent"]
[Result "1-0"]
[WhiteElo "2092"]
[BlackElo "1960"]
[PlyCount "75"]
[EventDate "2019.02.15"]
[SourceTitle "Bristol Fide Open 2019"]
[Source "Dave Tipper"]
[SourceDate "2019.03.04"]
[SourceVersion "1"]
[SourceVersionDate "2019.03.04"]
[SourceQuality "2"]

1. d4 e6 2. Nf3 f5 3. Bg5 Nf6 4. Nbd2 d5 5. c4 c6 6. cxd5 cxd5 7. Bxf6 Qxf6 8.
Ne5 Bd6 9. Qa4+ Bd7 10. Nxd7 Nxd7 11. e3 Qd8 12. Bb5 a6 13. Bxd7+ Qxd7 14. Qb3
Rc8 15. O-O Qb5 16. Qxb5+ axb5 17. Rfc1 Kd7 18. a3 Rxc1+ 19. Rxc1 Rc8 20. Rxc8
Kxc8 21. f4 Kd7 22. Kf1 g5 23. g3 g4 24. Ke2 Kc6 25. Kd3 b4 26. a4 b5 27. a5
Bc7 28. Nb3 Bd6 29. Kc2 Be7 30. Nc5 Bxc5 31. dxc5 Kxc5 32. Kb3 h6 33. Kc2 d4
34. exd4+ Kc6 35. Kb3 Kb7 36. Kxb4 Ka6 37. Kc5 Kxa5 38. Kd6 1-0

[Event "Bristol Fide 2019 Open"]
[Site "Bristol Grammar School"]
[Date "2019.02.16"]
[Round "2.4"]
[White "Smith, Chris"]
[Black "Gallagher, Ian"]
[Result "1/2-1/2"]
[WhiteElo "1957"]
[BlackElo "2089"]
[PlyCount "62"]
[EventDate "2019.02.15"]
[SourceTitle "Bristol Fide Open 2019"]
[Source "Dave Tipper"]
[SourceDate "2019.03.04"]
[SourceVersion "1"]
[SourceVersionDate "2019.03.04"]
[SourceQuality "2"]

1. d4 f5 2. Nc3 d5 3. Bf4 a6 4. e3 Nf6 5. h3 e6 6. g4 Bd6 7. Nge2 Nc6 8. gxf5
exf5 9. Bxd6 Qxd6 10. Nf4 Be6 11. Rg1 O-O 12. f3 Rae8 13. Qd2 Kh8 14. O-O-O Bd7
15. Bd3 Na5 16. Qe2 b5 17. Qg2 Rf7 18. Rde1 Nc4 19. Bxc4 dxc4 20. Nd1 Nd5 21.
Nxd5 Qxd5 22. c3 Bc6 23. Ref1 Qd6 24. Qd2 a5 25. a3 Rfe7 26. Rg2 Bd5 27. Qc2
Qf6 28. Qf2 c6 29. Qg3 Qh6 30. h4 g6 31. Qg5 Qxg5 1/2-1/2

[Event "Bristol Fide 2019 Open"]
[Site "Bristol Grammar School"]
[Date "2019.02.16"]
[Round "2.5"]
[White "Ingham, William"]
[Black "Beaumont, Chris"]
[Result "0-1"]
[WhiteElo "1835"]
[BlackElo "2254"]
[PlyCount "66"]
[EventDate "2019.02.15"]
[SourceTitle "Bristol Fide Open 2019"]
[Source "Dave Tipper"]
[SourceDate "2019.03.04"]
[SourceVersion "1"]
[SourceVersionDate "2019.03.04"]
[SourceQuality "2"]

1. d4 d6 2. Bf4 g6 3. e3 Bg7 4. Be2 Nd7 5. Nf3 e5 6. Bg5 Ngf6 7. h3 O-O 8. O-O
h6 9. Bh4 exd4 10. exd4 c5 11. c3 Qb6 12. Qc2 Re8 13. Bc4 d5 14. dxc5 Nxc5 15.
Bxf6 Bxf6 16. Bb3 Bf5 17. Qd2 Nxb3 18. axb3 Qxb3 19. Nd4 Bxd4 20. cxd4 Bxb1 21.
Raxb1 Kg7 22. Rfc1 Rac8 23. Rxc8 Rxc8 24. Re1 Qc2 25. Qf4 Rc6 26. Qe5+ Rf6 27.
Re2 Qc1+ 28. Kh2 Qf4+ 29. Kg1 Qxe5 30. Rxe5 Rb6 31. Re2 Rb4 32. Rd2 Kf6 33. g4
Kg5 0-1

[Event "Bristol Fide 2019 Open"]
[Site "Bristol Grammar School"]
[Date "2019.02.16"]
[Round "2.6"]
[White "Martin, Lewis"]
[Black "Stubbs, Oliver"]
[Result "1-0"]
[WhiteElo "2165"]
[BlackElo "1833"]
[PlyCount "85"]
[EventDate "2019.02.15"]
[SourceTitle "Bristol Fide Open 2019"]
[Source "Dave Tipper"]
[SourceDate "2019.03.04"]
[SourceVersion "1"]
[SourceVersionDate "2019.03.04"]
[SourceQuality "2"]

1. e4 e6 2. d4 d5 3. Nd2 c5 4. exd5 Qxd5 5. dxc5 Bxc5 6. Ngf3 Nf6 7. Bc4 Qd8 8.
O-O O-O 9. Qe2 Nc6 10. Nb3 Be7 11. Bg5 Qc7 12. Rfe1 Bd7 13. Rad1 Rad8 14. c3
Rfe8 15. Bh4 Bc8 16. Nbd4 Nxd4 17. Nxd4 a6 18. Bb3 Qa5 19. Rd3 Qh5 20. Qxh5
Nxh5 21. Bxe7 Rxe7 22. Nc6 Red7 23. Rxd7 Rxd7 24. Na7 Rd8 25. Nxc8 Rxc8 26.
Rxe6 Kf8 27. Rb6 Rc7 28. Bd5 Rd7 29. Bf3 Nf4 30. Rxb7 Rxb7 31. Bxb7 a5 32. Ba6
Ke7 33. Bc4 f6 34. g3 Ng6 35. f4 Kd6 36. b4 axb4 37. cxb4 Ne7 38. Kf2 Nc6 39.
a3 Nd4 40. Bd3 h6 41. Ke3 Kd5 42. a4 Ne6 43. a5 1-0

[Event "Bristol Fide 2019 Open"]
[Site "Bristol Grammar School"]
[Date "2019.02.16"]
[Round "2.7"]
[White "Pleasants, Allan"]
[Black "White, Ian R"]
[Result "1/2-1/2"]
[WhiteElo "2080"]
[BlackElo "1826"]
[PlyCount "80"]
[EventDate "2019.02.15"]
[SourceTitle "Bristol Fide Open 2019"]
[Source "Dave Tipper"]
[SourceDate "2019.03.04"]
[SourceVersion "1"]
[SourceVersionDate "2019.03.04"]
[SourceQuality "2"]

1. e4 e6 2. d4 d5 3. Nd2 c5 4. Ngf3 cxd4 5. exd5 Qxd5 6. Bc4 Qd6 7. O-O Nf6 8.
Nb3 Nc6 9. Nbxd4 Nxd4 10. Qxd4 Qxd4 11. Nxd4 a6 12. a4 Bd7 13. Re1 O-O-O 14. c3
Bd6 15. a5 Nd5 16. Bd2 Kb8 17. Bg5 Rc8 18. Bxd5 exd5 19. Be7 Kc7 20. Bxd6+ Kxd6
21. f4 Rhe8 22. Kf2 Re4 23. Rxe4 dxe4 24. Ke3 f5 25. Rd1 Ke7 26. Rc1 g6 27. c4
Kd6 28. b4 Be6 29. c5+ Ke7 30. Rd1 Bc4 31. h3 h5 32. h4 Rc7 33. Rc1 Bd5 34. Rc3
Bc6 35. Rc2 Rd7 36. Rd2 Ba4 37. Ra2 Bc6 38. Rb2 Rd5 39. Rd2 Rd7 40. Rd1 Ba4
1/2-1/2

[Event "Bristol Fide 2019 Open"]
[Site "Bristol Grammar School"]
[Date "2019.02.16"]
[Round "2.8"]
[White "Duggan, Michael"]
[Black "Rahulan, Thivyaa"]
[Result "1/2-1/2"]
[WhiteElo "2050"]
[BlackElo "1814"]
[PlyCount "49"]
[EventDate "2019.02.15"]
[SourceTitle "Bristol Fide Open 2019"]
[Source "Dave Tipper"]
[SourceDate "2019.03.04"]
[SourceVersion "1"]
[SourceVersionDate "2019.03.04"]
[SourceQuality "2"]

1. e4 e6 2. d4 d5 3. exd5 exd5 4. c4 Nc6 5. Nc3 Be6 6. Nf3 h6 7. Qb3 Bb4 8. c5
Nge7 9. a3 Bxc5 10. dxc5 d4 11. Bc4 Bxc4 12. Qxc4 dxc3 13. Qxc3 O-O 14. O-O a5
15. b3 Nd5 16. Qc4 Qf6 17. Rb1 Rad8 18. Bb2 Qf4 19. Qc2 Qg4 20. h3 Qg6 21. Qxg6
fxg6 22. Ne5 Nxe5 23. Bxe5 Rf5 24. Rfe1 Rf7 25. g3 1/2-1/2

[Event "Bristol Fide 2019 Open"]
[Site "Bristol Grammar School"]
[Date "2019.02.16"]
[Round "2.9"]
[White "Ward, Andy"]
[Black "Cordner, David"]
[Result "1-0"]
[WhiteElo "1801"]
[BlackElo "1991"]
[PlyCount "41"]
[EventDate "2019.02.15"]
[SourceTitle "Bristol Fide Open 2019"]
[Source "Dave Tipper"]
[SourceDate "2019.03.04"]
[SourceVersion "1"]
[SourceVersionDate "2019.03.04"]
[SourceQuality "2"]

1. d4 Nf6 2. Bg5 Ne4 3. h4 c5 4. dxc5 Qa5+ 5. Nd2 Nxg5 6. hxg5 e6 7. c3 Qxc5 8.
Ngf3 Nc6 9. Qc2 Qb6 10. e3 d5 11. g6 fxg6 12. Bd3 Kd8 13. Bxg6 h6 14. Ng5 Ke7
15. O-O-O Nd8 16. Ngf3 Bd7 17. e4 Bc6 18. exd5 Bxd5 19. Nb3 Nc6 20. Rhe1 Kd8
21. Rxe6 1-0